El recurso de nulidad en el nuevo proceso penal

Bewaard in:
Bibliografische gegevens
Hoofdauteur: Rieutord Alvarado, Andrés (Auteur)
Formaat: Boek
Taal:Spaans
Gepubliceerd in: Santiago Jurídica de Chile 2007
Editie:1a. ed
Onderwerpen:
Tags: Voeg label toe
Geen labels, Wees de eerste die dit record labelt!

MARC

LEADER 00000nam a2200000 a 4500
001 UCI2615
003 CL-VaPUC
008 070831e20070000CL |||||||||||||||||spa|d
020 |a 9789561017986 
082 0 4 |a 345.8305  |b RIE  |2 21 
100 0 |a Rieutord Alvarado, Andrés  |e author  |9 523669 
245 1 3 |a El recurso de nulidad en el nuevo proceso penal 
250 |a 1a. ed 
300 |a 257 p 
942 |c BK 
945 |d 20070831 00:00:00  |a jtorresc 
260 |a Santiago  |b Jurídica de Chile  |c 2007 
650 0 |a Derecho procesal penal   |9 256392 
650 7 |a DERECHO PENAL CHILENO  |2 CL-VaPUC  |9 523670 
650 7 |a REFORMAS LEGALES  |2 CL-VaPUC  |9 446410 
650 0 |a Jurisprudencia  |9 255952 
650 0 |a Obligaciones   |9 255578 
583 |a last modification  |c 20070831 00:00:00  |k Rodrigo Vera 
999 |c 327101  |d 327099 
952 |0 0  |1 0  |4 0  |6 345_830500000000000_RIE_2007  |7 0  |8 A  |9 409538  |a BIBDER  |b BIBDER  |d 2019-11-22  |i 4367715  |l 1  |o 345.8305 RIE 2007  |p 4367715  |r 2023-01-25  |s 2022-09-29  |w 2019-11-22  |y BK  |k DER 
952 |0 0  |1 0  |4 0  |6 345_830500000000000_RIE_2007  |7 0  |8 A  |9 409539  |a BIBDER  |b BIBDER  |d 2019-11-22  |i 4370406  |o 345.8305 RIE 2007  |p 4370406  |r 2023-01-25  |w 2019-11-22  |y BK  |k DER